000
00283nam a22001217a 4500
082
_a
658.1
_b
ASW/OR
100
_a
Aswathappa K.
_9
1338
245
_a
Organisational Behaviour
250
_a
6 th Rev
260
_a
Mumbai
_b
Himalaya Publishing House
_c
2005
300
_a
676
942
_c
BBS
999
_c
14746
_d
14746